=LDR 00000nam 2200000 4500 =001 INLIS000000000013002 =005 20130612104449 =008 ***********************************Ind** =035 ##$$0010-061300000013002 =041 ##$$a Ind =082 ##$$a F Rom D =090 ##$$a F Rom D, Hig p =100 ##$$a Higgins, Jack =245 ##$$a Pengadilan malam hari di sinar, Jack Higgins =260 ##$$a 1997 $b Bogor =300 ##$$a 399 hlm, 19 cm =650 ##$$a Fiksi dewasa - terjemahan =850 ##$$a NBPNMAT =990 ##$$a 0001/BPAP-NTB/20142015 =990 ##$$a 0001/BPAP-NTB/2016